Flora of the Presidency of Madras (Record no. 84428)

MARC details
000 -LEADER
fixed length control field 01478cam a2200349 4500
001 - CONTROL NUMBER
control field sa 68012263
003 - CONTROL NUMBER IDENTIFIER
control field DLC
005 - DATE AND TIME OF LATEST TRANSACTION
control field 20260227112608.0
008 - FIXED-LENGTH DATA ELEMENTS--GENERAL INFORMATION
fixed length control field 691117r19671956ii b b 001 0 eng
010 ## - LIBRARY OF CONGRESS CONTROL NUMBER
LC control number sa 68012263
025 ## - OVERSEAS ACQUISITION NUMBER
Overseas acquisition number PL480:I-E-10306
040 ## - CATALOGING SOURCE
Original cataloging agency DLC
Transcribing agency DLC
Modifying agency ICU
-- DLC
050 00 - LIBRARY OF CONGRESS CALL NUMBER
Classification number QK358
Item number .G3 1967
082 00 - DEWEY DECIMAL CLASSIFICATION NUMBER
Classification number 581.954/82
100 1# - MAIN ENTRY--PERSONAL NAME
Personal name Gamble, J. S.
Fuller form of name (James Sykes),
Dates associated with a name 1847-1925.
245 10 - TITLE STATEMENT
Title Flora of the Presidency of Madras
Statement of responsibility, etc. [by] J. S. Gamble.
250 ## - EDITION STATEMENT
Edition statement [2d reprinted ed.]
260 ## - PUBLICATION, DISTRIBUTION, ETC.
Place of publication, distribution, etc. Calcutta,
Name of publisher, distributor, etc. Botanical Survey of India
Date of publication, distribution, etc. [1967]
300 ## - PHYSICAL DESCRIPTION
Extent 3 v. (lii, 1389 p.)
Other physical details fold. map.
Dimensions 22 cm.
350 ## - PRICE (NR) (BK AM CF MU VM SE) [OBSOLETE]
Price 36.50 (set)
500 ## - GENERAL NOTE
General note Originally issued in 11 pts., 1915-36, reprinted 1956.
500 ## - GENERAL NOTE
General note Contains title pages of each of the 11 pts. of the 1956 reprint ed.
500 ## - GENERAL NOTE
General note "The draft of the botanical portion of about the first 132 pages was prepared by Mr. S. T. Dunn."
500 ## - GENERAL NOTE
General note Vol. 3 by C. E. C. Fischer.
500 ## - GENERAL NOTE
General note Explanatory notes appeared in the Kew bulletins for 1916, 1918, 1920, 1921, 1924, 1928, 1931, 1935.
500 ## - GENERAL NOTE
General note "Reprinted under the authority of the Govt. of India."
504 ## - BIBLIOGRAPHY, ETC. NOTE
Bibliography, etc. note Bibliographical footnotes.
505 0# - FORMATTED CONTENTS NOTE
Formatted contents note v. 1. Ranunculaceae to Caprifoliaceae.--v. 2. Rubiaceae to Euphorbiaceae.--v. 3. Ulmaceae to Gramineae. Addenda, indexes, etc.
650 #0 - SUBJECT ADDED ENTRY--TOPICAL TERM
Topical term or geographic name entry element Botany
Geographic subdivision India
-- Madras (Presidency)
700 1# - ADDED ENTRY--PERSONAL NAME
Personal name Dunn, S. T.
Fuller form of name (Stephen Troyte),
Dates associated with a name 1868-
700 1# - ADDED ENTRY--PERSONAL NAME
Personal name Fischer, Cecil Ernest Claude.

No items available.

Powered by Koha